| 000 | 00782nam a2200241 i 4500 | ||
|---|---|---|---|
| 001 | bg | ||
| 245 | 0 | 0 |
_aWielka encyklopedia geografii świata. _nT. 8, _pEwolucja życia / _c[aut. tomu] Jerzy Dzik ; kom. nauk. Andrzej Kostrzewski [et al.]. |
| 260 |
_aPoznań : _bWydaw. Kurpisz, _c1995-. |
||
| 300 |
_a359, [1] s. : _bfot. kolor., mapy (w tym kolor.), 1 portr., rys. (w tym kolor.) ; _c29 cm. |
||
| 504 | _aBibliogr. s. 352. - Indeks. | ||
| 650 | 9 | _aPochodzenie życia | |
| 650 | 9 | _aEwolucja | |
| 655 | _aEncyklopedie | ||
| 700 | 1 |
_aKOSTRZEWSKI, Andrzej. _eRed. |
|
| 700 | 1 | _aDZIK, Jerzy. | |
| 020 | _a8386600918 | ||
| 040 | _cBPK | ||
| 041 | 0 | _apl | |
| 080 | _a575.8:573.01](03) | ||
| 920 | _a83-86600-91-8 | ||
| 942 | _cKS | ||
| 008 | s pl f |000 0 pol | ||
| 999 |
_c32348 _d32348 |
||
| 856 |
_uhttp://koha.tu.koszalin.pl/cgi-bin/koha/opac-detail.pl?biblionumber=32348 _yKatalog online BPK |
||